<A> Multicountry, multisector general equilibrium model system with endogenous trade

Salvato in:
Dettagli Bibliografici
Autore principale: Vincent, David P.
Natura: Libro
Lingua:inglese
Pubblicazione: Kiel Institut für Weltwirtschaft 1983
Serie:Working Paper no. 174
Tags: Aggiungi Tag
Nessun Tag, puoi essere il primo ad aggiungerne!!

MARC

LEADER 00000nam a2200000 4500
001 c136316
005 20181203150506.3
041 0 |a eng 
044 |a DE 
245 1 0 |a <A> Multicountry, multisector general equilibrium model system with endogenous trade  |c David P. Vincent 
264 1 |a Kiel  |b Institut für Weltwirtschaft  |c 1983 
300 |a 94 s. 
490 1 |a Working Paper  |v no. 174 
830 0 |a Working Paper  |v no. 174 
100 1 |a Vincent, David P.